MARC

LEADER 00000nam0a2200000 4500
001 107095
005 20231031115151.0
035 |a (RuTPU)RU\TPU\book\115636 
090 |a 107095 
100 |a 20061219d1929 m y0rusy50 ca 
101 1 |a rus  |c ger 
102 |a RU 
105 |a a z 000zy 
200 1 |a Перегонка на практике  |e пер. с нем.  |f К. Эллиот 
210 |a Ленинград  |c Химико-техническое из--во  |d 1929 
215 |a 153 с.  |c ил. 
610 1 |a химия 
610 1 |a перегонка 
610 1 |a фракционирование 
610 1 |a теплопередача 
610 1 |a расчеты 
675 |a 66.048  |v 3 
700 1 |a Эллиот  |b К. 
801 1 |a RU  |b 63413507  |c 20061219  |g PSBO 
801 2 |a RU  |b 63413507  |c 20071106  |g PSBO 
942 |c BK